| 000 | 00719cai a22002055a 4500 | ||
|---|---|---|---|
| 001 | L155740 | ||
| 008 | 120413u2010 xxk f 000 0 eng d | ||
| 035 | _a(Sirsi) u155740 | ||
| 041 | 0 | _aeng | |
| 110 | 2 | _aNEC | |
| 240 | _aNEC | ||
| 245 | 0 | 0 |
_aNEC products _h[electronic resource] |
| 260 |
_aLondon _bNEC _c2010 |
||
| 520 | _aWebsite for the NEC family of standard contracts with details of the contracts, news, training, and further information; NEC3 and NEC2. NEC was originally known as the 'New Engineering Contract' | ||
| 590 | _aKA | ||
| 651 | 4 | _aInternational | |
| 690 |
_aContracts _96232 |
||
| 856 | 4 | 0 |
_uhttps://www.neccontract.com/ _zView the website free of charge at www.neccontract.com |
| 942 | _n0 | ||
| 999 |
_c120967 _d120967 |
||